[Event "Barcelona"]
[Site "Barcelona"]
[Date "1992.05.??"]
[Round "4"]
[White "Dorfman, Josif D"]
[Black "Tal, Mihail"]
[Result "1-0"]
[WhiteElo "2605"]
[BlackElo "2525"]
[Annotator "Anand,V"]
[PlyCount "49"]
[EventDate "1992.05.??"]
[EventType "tourn"]
[EventRounds "11"]
[EventCountry "ESP"]
[EventCategory "13"]
[SourceTitle "CBM 030"]
[Source "ChessBase"]
[SourceDate "1992.10.01"]
[SourceVersion "1"]
[SourceVersionDate "1992.10.01"]
[SourceQuality "1"]

1. d4 {Ftacnik Dorfman} Nf6 2. c4 e6 3. Nc3 Bb4 4. Qc2 c5 5. dxc5 Qc7 6. a3
Bxc5 7. b4 Be7 8. Nb5 Qc6 9. Nf3 (9. Bf4 $2 {Dorfman} d6) 9... d6 10. Nfd4 Qd7
(10... Qb6 11. Nb3 (11. Be3 Qd8) 11... a6 12. Nc3 Qc7 13. e4 b6 14. Nd4 Bb7)
11. Bb2 (11. e4 a6 12. Nc3 {Smyslov,V-Portisch,L/Montpellier/1985/} (12. Nc3 {
Ftacnik} Qc7 13. Bd3 O-O 14. f4 Nbd7 15. Nf3 b6 16. O-O Bb7 17. Bb2 g6 18. Rae1
Rfe8 $13 {Smyslov,V-Portisch,L/Montpellier ct/1985/})) (11. e3 {Ftacnik} a6 12.
Nc3 O-O 13. Bb2 b6 14. Be2 Bb7 15. O-O Qc7 16. Rac1 Nbd7 $13 {Kakageldyev,
A-Anastasian,A/Frunze op/1989/}) 11... b6 (11... a6 12. Nc3 Qc7 13. e4 b6) 12.
Rd1 Bb7 (12... a6 13. Nc3 Bb7 {is best. The knight should not be allowed to
remain on b5} (13... Bb7 {Dorfman} 14. e4 $14)) 13. Nf3 $1 d5 (13... a6 14.
Nxd6+ (14. Ne5 {Ftacnik} Qd8 15. Nxd6+ Bxd6 16. c5 $40) 14... Bxd6 15. c5 (15.
Be5 $2 Bxe5 16. Rxd7 Nbxd7) 15... bxc5 16. bxc5 $16) (13... O-O {Dorfman} 14.
Ng5 g6 15. Nxd6 $18) 14. e4 $1 $16 (14. cxd5 {Dorfman} Qxb5 15. e3 Qd7 16. Ne5
Qd6 17. dxe6 Qxe6 18. Bc4 Qc8 19. Qb3 O-O 20. Nxf7 Rxf7 21. Bxf7+ Kf8) 14...
O-O (14... a6 15. Nc3) (14... Nxe4 15. Bxg7 Rg8 16. Be5 Na6 17. cxd5 $16) 15.
e5 Nh5 (15... Ne8 16. cxd5 (16. Nc3 {Ftacnik} Qc7 17. Bd3 dxc4 18. Bxh7+ Kh8
19. Be4 $16) 16... exd5 (16... Bxd5 17. Nc3 Qc7 18. Rxd5 exd5 19. Bd3 $16) 17.
Bd3 $16) 16. cxd5 Bxd5 (16... exd5 {Ftacnik} 17. Nbd4 $16) 17. Nc3 Qc7 (17...
Rc8 {Dorfman} 18. Qd2 Bxf3 19. Qxd7 Nxd7 20. Rxd7 Bc6 21. Rxe7 Kf8 22. b5 $18)
(17... Qc6 $2 {Ftacnik} 18. Nd4 Qb7 19. Nxd5 Qxd5 20. Nf5 Qb7 21. Nxe7+ Qxe7
22. Qe4 Nd7 23. g4 $18) (17... Qc8 {Ftacnik} 18. Bd3 Bxf3 19. Bxh7+ Kh8 20.
gxf3 g6 21. Bxg6 fxg6 22. Qxg6 Ng7 23. Rg1 $18) 18. Rxd5 $1 exd5 19. Qf5 Rd8 $2
{the alternative is not attractive but black has no choice} (19... g6 20. Nxd5
Qd8 (20... gxf5 21. Nxc7 Nc6 22. Nxa8 Rxa8 23. Bb5 $18) 21. Qe4 Nd7 (21... Nc6
22. Bb5 $1) 22. Bc4 $16 (22. Bb5 $18 {Dorfman}) (22. Bb5 $16 {Ftacnik})) 20.
Qxh5 d4 21. Nd1 d3 (21... Qc2 {Ftacnik} 22. Nxd4 Qe4+ 23. Qe2 Rxd4 24. Bxd4
Qxd4 25. Qf3 Nc6 26. Qxc6 Rd8 27. Be2 $18) 22. e6 $1 fxe6 (22... f6 {Dorfman}
23. Bxd3) 23. Qg4 Bf8 24. Qxe6+ Kh8 25. Ne5 (25. Ne5 {Ftacnik} d2+ 26. Ke2 Rd7
27. Kf3 Re7 28. Qf5 Nd7 29. Bd3 Nxe5+ 30. Bxe5 Qc6+ 31. Be4 Qh6 32. Bxa8 $18)
1-0

[Event "Linares 09th"]
[Site "Linares"]
[Date "1991.??.??"]
[Round "2"]
[White "Gurevich, Mikhail"]
[Black "Timman, Jan H"]
[Result "0-1"]
[WhiteElo "2650"]
[BlackElo "2630"]
[Annotator "Anand,V"]
[PlyCount "122"]
[EventDate "1991.02.??"]
[EventType "tourn"]
[EventRounds "13"]
[EventCountry "ESP"]
[EventCategory "17"]
[SourceTitle "CBM 022"]
[Source "ChessBase"]
[SourceDate "1991.06.01"]
[SourceVersion "1"]
[SourceVersionDate "1991.06.01"]
[SourceQuality "1"]

1. d4 {Ftacnik} Nf6 2. c4 e6 3. Nc3 Bb4 4. Qc2 c5 5. dxc5 Na6 6. a3 Bxc3+ 7.
Qxc3 Nxc5 8. b4 Nce4 9. Qd4 d5 10. c5 b6 (10... h6 11. Nh3 O-O 12. f3 e5 13.
Qxe5 Bxh3 14. gxh3 Re8 15. Qd4 Ng5 16. Bxg5 hxg5 17. Rg1 Nh5 18. h4 gxh4 19.
Rd1 {Gurevich,M-Korchnoi,V Wijk aan Zee 1990}) 11. f3 bxc5 12. bxc5 Qa5+ 13.
Qb4 Qc7 $1 {This dynamic piece sacrifice was first played in Ivanchuk-De
Firmian} 14. fxe4 Rb8 15. Qa4+ Bd7 16. c6 O-O 17. Bd2 Bxc6 18. Qa5 Qe5 $1 {N} (
18... Rb6 19. e3 Rfb8 20. Rc1 Nxe4 21. Nf3 $14 {Ivanchuk-De Firmian Manila 
(izt) 1990} (21. Nf3 {Ftacnik} Qe7 $2 (21... Nxd2 22. Qxd2 Qe7 23. Bd3 Qxa3 24.
O-O $14) 22. Bb4 $16 {Ivanchuk,V-De Firmian,N/Manila izt/1990/ ->CBM 19})) 19.
Rc1 Nxe4 20. Nf3 (20. Rxc6 $2 {Ftacnik} Rb1+ 21. Rc1 (21. Bc1 Qf4 $1) 21... Qb2
22. Rd1 Qc2 $19) 20... Qb2 21. e3 (21. Rxc6 Qb1+ (21... Qa1+ {Ftacnik} 22. Rc1
Rb1 23. Qc7 Rfb8 $40) 22. Bc1 (22. Rc1 Rfc8 $19) 22... Rfc8 23. Qa4 Qxc1+ 24.
Rxc1 Rxc1+ 25. Qd1 Rbb1 $19) 21... Bb5 $1 22. Qb4 Bxf1 23. Qxb2 Rxb2 24. Rxf1
Rfb8 {Timman later said he had this position on the board during his
preparation!} (24... Ra2 {Ftacnik} 25. Bb4 Rb8 26. Nd2 $16) 25. Bc3 $6 {
Mikhail had prepared a faulty combination} (25. Ke2 $5 g5 $140 26. Rfd1) 25...
Rxg2 26. Be5 (26. Bd4 $1 $44 {Ftacnik}) 26... Ra8 27. Rg1 $2 Nd2 $19 28. Rxg2
Nxf3+ 29. Kf1 Nxe5 30. Rc7 Nc4 31. Re2 Nxa3 32. Ra2 Nb5 33. Rb7 Nd6 34. Raxa7
Rf8 35. Rd7 Ne4 36. Ke2 Nf6 37. Rdc7 g6 38. Kf3 g5 39. Re7 h5 40. Rab7 Ng4 41.
h3 Ne5+ 42. Kg3 Ng6 43. Rec7 Kg7 44. e4 dxe4 45. Rb4 h4+ 46. Kh2 (46. Kg4 {
Ftacnik} Kh6 47. Rxe4 f5+) 46... Ra8 47. Rxe4 Nf4 48. Re5 Kg6 49. Rc3 f5 50.
Rf3 Kf6 51. Rb5 Ra4 52. Rb8 g4 53. hxg4 fxg4 54. Rf8+ Ke5 55. Rf1 g3+ 56. Kg1
h3 57. Re1+ Re4 58. Ra1 Ne2+ 59. Kh1 g2+ 60. Kh2 Rg4 61. Kxh3 Rg3+ 0-1

[Event "Subasic Memorial 4th"]
[Site "Zenica"]
[Date "2005.11.19"]
[Round "1"]
[White "Atalik, Suat"]
[Black "Savic, Miodrag R"]
[Result "1/2-1/2"]
[WhiteElo "2620"]
[BlackElo "2542"]
[Annotator "Atalik,S"]
[PlyCount "75"]
[EventDate "2005.11.19"]
[EventType "tourn"]
[EventRounds "9"]
[EventCountry "BIH"]
[EventCategory "7"]
[SourceTitle "CBM 109 Extra"]
[Source "ChessBase"]
[SourceDate "2006.01.03"]
[SourceVersion "2"]
[SourceVersionDate "2006.01.03"]
[SourceQuality "1"]

{Honeymoon tournament in Bosnia,I was a little bit rusty.} 1. d4 Nf6 2. c4 e6
3. Nc3 Bb4 4. Qc2 c5 5. dxc5 Bxc5 $5 (5... O-O 6. a3 Bxc5 7. Nf3 b6 {is usual.}
) 6. Nf3 Nc6 $6 {this does not justify the unprovoked retreat and early
capture.} (6... Qc7) (6... Qb6 {or} 7. e3 Qc7 {are the normal lines.}) 7. Bg5
h6 ({I thought his idea was to go to Old Romanishin line.} 7... Bb4 $5 8. Rd1
$5 Qa5 9. Bd2 Qd8 10. a3 $16) 8. Bh4 O-O 9. e4 Be7 (9... d6 10. O-O-O $16) 10.
O-O-O $1 $16 e5 $6 {This move looks as ugly as my opponent.} (10... Qa5 11. Kb1
d6 12. Rg1 $5 $40) 11. Kb1 $1 (11. Bg3 $6 Qa5 12. Kb1 d6) 11... Nh5 12. Bxe7
Qxe7 13. Nd5 Qd8 14. Be2 $2 {I had difficulties to calculate the following
line.} (14. c5 b6 15. Bb5 Bb7 16. Bxc6 Bxc6 17. Nxe5 Bxd5 18. Rxd5 Nf6 19. Nc6
$1 {I have missed this down in the line.} Qc7 20. Ne7+ Kh8 21. Rf5 Rae8 22. Nd5
Nxd5 23. Rxd5 bxc5 24. Rxc5 Qb7 25. f3 $18 {A healthy pawn up and a better
pawn structure.}) 14... Nf6 15. Nxf6+ Qxf6 16. c5 $2 {Going blind.} (16. Qd2
Rd8 17. Qd6 Qxd6 18. Rxd6 Kf8 19. Rhd1 $16) 16... d5 $3 17. cxd6 (17. exd5 $2
Bf5 18. Bd3 Nb4 19. Qc4 Nxd3 20. Rxd3 e4 $19) (17. Rxd5 $2 Nb4 18. Qc4 Nxd5 19.
exd5 Qg6+ 20. Ka1 Qxg2 $19) 17... Bg4 $132 18. Qc5 Rfd8 19. Rd5 Rac8 20. Qa3
Qg6 21. Qe3 $8 (21. Bd3 $2 Bxf3 22. gxf3 Qg2) 21... Bxf3 (21... Rxd6 $2 22. Nh4
$18) 22. Bxf3 Rxd6 {Draw offer.} 23. Rhd1 Rcd8 $2 (23... Nd4 24. Rxd6 (24. Rxe5
Nxf3 25. Qxf3 Qxg2 $1 26. Re8+ Rxe8 27. Qxg2 Rxd1+ 28. Kc2 Rd7 $17) 24... Qxd6
25. Be2 $15) 24. Rxd6 $1 (24. Qc5 $6 Rxd5 25. Rxd5 Rxd5 26. Qxd5 Nd4 $17) 24...
Rxd6 25. Rxd6 Qxd6 26. Be2 Qd4 $6 {Nobody taught this guy that Q+N is better
than Q+N.} 27. Qxd4 Nxd4 28. Bc4 Kf8 29. Kc1 Ke7 30. Kd2 f6 31. b4 $11 {
White equalized.} Kd6 32. Bf7 g5 33. Kd3 Ke7 34. Bh5 Kd6 35. Kc4 Nc2 36. Kc3
Nd4 37. Kc4 Nc2 38. Kc3 1/2-1/2

[Event "Pozarevac-ch op"]
[Site "Pozarevac"]
[Date "2016.12.25"]
[Round "4"]
[White "Atalik, Suat"]
[Black "Lajthajm, Borko"]
[Result "0-1"]
[WhiteElo "2533"]
[BlackElo "2424"]
[Annotator "Atalik,S"]
[PlyCount "124"]
[EventDate "2016.12.23"]
[EventType "swiss"]
[EventRounds "5"]
[EventCountry "SRB"]
[SourceTitle "CBM 177"]
[Source "ChessBase"]
[SourceDate "2017.03.16"]
[SourceVersion "1"]
[SourceVersionDate "2017.03.16"]
[SourceQuality "1"]

1. d4 Nf6 2. c4 e6 3. Nc3 Bb4 4. Qc2 {Back in the Classical System which is
sometimes attributed to Capa.} c5 5. dxc5 Bxc5 $5 {What he intends to play is}
({similar to} 5... O-O 6. a3 Bxc5 7. Nf3 Nc6 8. Bg5 Nd4 9. Nxd4 (9. Qd3 $5
Nxf3+ 10. Qxf3 Be7) 9... Bxd4 10. e3 Qa5 11. exd4 Qxg5 12. Qd2 Qxd2+ 13. Kxd2
$14) 6. Nf3 (6. Bf4 $5 e5 7. Bg3 Nc6 8. e3) 6... Nc6 7. Bg5 (7. Bf4 O-O (7...
e5 8. Bg5) 8. e3 d5 9. Rd1 Qa5 10. a3 {transposes the game into QGD,
Blackburne's System.}) 7... Nd4 8. Nxd4 (8. Qd3 $5) 8... Bxd4 9. e3 Qa5 10.
exd4 Qxg5 11. Qd2 Qxd2+ 12. Kxd2 b6 13. b4 $14 {The well known ending tends to
be better for White due to the better pawn structure.} d6 (13... Bb7 14. f3 d6)
14. Bd3 (14. a4 a5 15. bxa5 bxa5 16. Rb1 Kd7 17. Bd3 Ba6 18. Nb5 $14) 14... Bb7
15. f3 Kd7 $5 16. a4 (16. Rhb1 Rhb8 17. Rb2 Kc7) 16... a5 17. Rab1 Bc6 (17...
Rhb8 18. Rhe1 g6 $1) (17... Rab8 $2 18. bxa5 bxa5 19. Rb5) 18. bxa5 (18. Rhc1
axb4 (18... Rab8 $2 19. d5 $1) (18... Rhb8 $6 19. b5 Bb7 20. c5 bxc5 21. dxc5
dxc5 22. Ne4 Nxe4+ 23. Bxe4 Bxe4 24. fxe4 Rc8 25. Rb3 Kd6 26. Rd3+ Ke5 27. Kc3
$16) (18... g6) 19. Rxb4 Rhb8 20. Rcb1 Kc7 21. d5 Bd7 $14 {with a tough
defensive line.}) (18. b5 Bb7 19. Ne4 Bxe4 20. Bxe4 d5 (20... Nxe4+ 21. fxe4)
21. cxd5 Nxd5 $11) 18... bxa5 $14 {So far so good! It is always a question
whether White should continue to play safe and press but...} 19. d5 $2 (19. Rb6
$6 Kc7 20. Rhb1 Rhb8 21. Rxb8 Rxb8 22. Rxb8 Kxb8 $11) (19. Nb5 $142 $14) 19...
exd5 20. Bf5+ Kd8 $1 (20... Kc7 $2 21. cxd5 (21. Nb5+ $2 Bxb5 22. cxb5 Nd7 23.
Bxd7 Kxd7 $11) 21... Nxd5 22. Nxd5+ Bxd5 23. Rhc1+ Bc6 24. Rb3 Ra6 25. Rbc3 Kb7
26. Bd7 Bxd7 27. Rc7+ Ka8 28. Rxd7 $16) 21. cxd5 (21. Nxd5 Nxd5) 21... Nxd5 22.
Nxd5 (22. Rhc1 $142 Nb4 23. Na2 $44) (22. Ne4 $2 g6) 22... Bxd5 23. Rhc1 (23.
Rb6 Ke7 (23... Kc7 $6 24. Rb5 Bc6 25. Rc1) 24. Re1+ Be6 $17) 23... Re8 $6 {
Returning the compliment!} ({He absolutely had to try} 23... Ke7 $1 24. Rc7+
Kf6 25. Be4 Bxe4 26. fxe4 Rhf8 27. Rbb7 $44 {should have led to a draw.}) (
23... g6 24. Rb6 Ke7 25. Rc7+ Kf6 26. Rxd6+ Ke5 27. Rcd7 Bxf3 28. gxf3 gxf5 29.
Rd5+ Kf6 $11) 24. Rb6 Be6 $6 (24... Ke7 25. Rc7+ Kf8 26. Rxd6 Bb3 27. Bd7 Red8
(27... Re7 28. Rc3 Rd8 29. Rxb3 Rexd7 30. Rxd7 Rxd7+) 28. Rd3) (24... Re5 25.
Rxd6+ Ke7 26. Rd7+ Kf6 27. Bd3 $14) 25. Be4 (25. Bd3 $5 Bd7 26. Rxd6 Ke7 27.
Rd4 $14) 25... Ra7 (25... d5 26. Bxd5 Bxd5 27. Rd6+ Ke7 28. Rxd5 Red8 29. Rcc5
$16) 26. Rxd6+ Ke7 $2 {Draw offer} (26... Rd7 27. Rxd7+ Bxd7 28. Bc6 Re5) 27.
Rb6 $1 (27. Rcc6 $6 {If White wanted he could have immediately made a draw with
} Bd7 (27... Rb8 28. Rb6 Bd7 29. Bc2 Rxb6 30. Rxb6 Kd8) 28. Ra6 Rxa6 29. Rxa6
Bxa4 30. Rxa5 $11) 27... Rd8+ 28. Ke3 Rd6 $6 (28... f5 29. Bb7 Bd7 $11) 29.
Rxd6 $6 {For some reason or another I lost my concentration in this part of
the game.} (29. Rb8 f5 $1 30. Bd3 f4+ 31. Ke2 Rd4 32. Bb5 Bb3 33. Re8+ Kf7 34.
Re4 Re7 $1 35. Rxe7+ Kxe7 36. Rc7+ Kf6 37. Ra7 Bxa4 38. Ra6+ Ke5 39. Rxa5 $11)
({The move to play obviously is} 29. Rcc6 $1 Rxc6 (29... Rd8 30. g4 g6 31. h4
Bd7 32. Rc4 Be6 33. Rc5 Rd1 34. Bd3 $1 Re1+ 35. Kf4 Ra1 36. Bb5) (29... Rad7
30. Rxd6 Rxd6 31. Rb5 Ra6 32. Bf5 $16) 30. Bxc6 Kd6 31. Kd4) 29... Kxd6 30.
Rc6+ $2 ({Let us do a Fischer!} 30. Bxh7 $1 g6 31. h4 Ke7 32. h5 Kf6 33. Rc6
Re7 (33... Kg7 34. Rxe6 (34. Bxg6 Bd7 35. Be4) 34... fxe6 35. Bxg6 Rb7 36. Be8
$14) 34. hxg6 Kg7 (34... fxg6 35. Bg8) 35. Rc5 (35. Kf4 fxg6 36. Bxg6 Kxg6 37.
Ra6 Kf7 38. Rxa5 $11) 35... fxg6 36. Bxg6 Kxg6 37. Rxa5 $14 {In all cases,
with proper play Black should draw but the type of ending offers more chances
for White!}) 30... Ke7 $2 (30... Kd7 31. Rb6 Kc7 $11) 31. Rc5 $2 {An
incredible blunder!} (31. Rb6 Bd7 $1 32. Bc6 Bxc6 33. Rxc6 Rb7 $1 $11 {does
not give exactly what Chigorin provided Saint Petersburg with against London
in the famous correspondence game of 1886/87 but still it has to be chosen.})
31... Bb3 $1 $36 32. Bc2 ({I might have as well gone for the bishop ending but
I thought White could be put in zugzwang and would have had to give way to
Black's king. Alas it is not the case.} 32. Bc6 Rc7 33. Kd4 Kd6 34. Rc3 Be6 35.
Bb5 Rxc3 36. Kxc3 Kc5 {This is the ending I was afraid of.} 37. f4 f6 38. g3 h6
39. Be8 Bg4 (39... Kd5 40. Kd3 Bf5+ 41. Kc3 Ke4 $6 42. Kc4 $1 Kf3 43. Kb5 Kg2
$140 $2 44. Kxa5 Kxh2 (44... Bc2 45. f5 Kxh2 46. g4 Kg3 47. Bh5 $18) 45. Kb6
$18) 40. Bb5 Kd5 41. Be8 Bd1 (41... Be2 42. Bg6) (41... Ke4 42. Kc4 $11) 42.
Kd3 Bf3 43. Bb5 Bg2 44. Kc3 $11) 32... Kd6 33. Rc3 $2 {Losing a clear tempo
for no reason at all.} (33. Kd4 $1 Bxc2 34. Rxc2 Rb7 35. Rd2 $1 Rb4+ (35... f6
36. Kc3+ Kc5 37. Re2 Rb4 38. Re7 g5 39. Rxh7 Rxa4 40. Ra7 Ra2 41. Ra6 $11) 36.
Kc3+ Ke6 (36... Ke5 37. Rd7 Ke6 38. Rd4) 37. Rd4 $11) 33... Bxc2 34. Rxc2 Rb7
35. Rc4 $2 (35. Rc8 Rb3+ 36. Kf4 Rb4+ 37. Ke3 Ke7 38. Rh8 h6 39. Ra8 (39. Rg8
Kf6) 39... Rxa4 40. Ra6 $1 Ra2 41. g4 a4 42. Kf4 a3 43. Kg3 Ra1 44. Kg2 $15)
35... Rb3+ $1 {This fine check is one of the points I missed in the game.} 36.
Ke4 {I wanted to bring my king up.} (36. Kf2 Rb2+ $1 37. Kg3 (37. Kf1 Rb4 $19)
37... Rb4 38. Rc8 Rxa4 39. Rg8 g6 40. Rg7 Rc4 $1 41. Rxf7 Rc7 42. Rf4 Kc5 43.
Ra4 Kb5 44. Ra1 Rc4 45. f4 a4 46. Kg4 h6 47. h4 Rc5 $1 $19) 36... Rb2 37. Rd4+
(37. g4 $142 Rxh2 38. Rd4+ Ke6 39. Rc4 Re2+ 40. Kf4 Ra2 41. g5 $17) 37... Ke6
38. Rc4 $2 ({Still} 38. g4 $1) 38... Rxg2 39. Rc6+ Kd7 40. Rc5 $2 {The final
mistake!} (40. Ra6 $1 Rxh2 (40... Rg5 41. Ra7+ $11) (40... Re2+ 41. Kd5 $1) 41.
Rxa5 g6 (41... Rc2 42. f4 $44) 42. Ra8 Ke6 43. a5 Ra2 44. Ra6+ Ke7 45. Ke5 $44)
40... Re2+ $1 41. Kd3 Rxh2 42. Rxa5 Rh4 $19 {Black is winning with White's
king back on the third rank!} 43. Ra7+ Ke6 44. a5 (44. Ra6+ Kf5 45. Ra7 Kg6 46.
a5 h5 47. Kc3 Rf4 48. Rd7 Ra4 49. Rd5 h4 50. Kb3 Ra1 51. Kb2 Re1 52. a6 h3 53.
a7 Re8 54. Rd1 Ra8 55. Rh1 Kg5 56. Rxh3 Rxa7 $19) 44... h5 45. Rc7 Ra4 46. Rc6+
Kd5 47. Rc7 Ra3+ 48. Kc2 $5 (48. Ke2 Ke6 49. Rc5 (49. Rc6+ Kf5 50. Rc7 Ra2+ 51.
Ke3 Kg6 52. Rc5 h4 53. Kf4 Ra4+ 54. Ke3 Ra3+ 55. Kf4 f5 $1 $19) 49... Ra2+ $1
50. Ke3 h4 51. Rh5 Ra3+ 52. Kf2 Ra4 53. a6 g6 54. Rh8 g5 $19) 48... Ke6 (48...
h4 49. Rxf7 h3 $19) 49. Rc6+ Kd7 50. Rc5 g6 51. Kb2 Rxf3 52. a6 Re3 $1 {
This is easier} ({than} 52... Rf6 53. Ra5 Rb6+ 54. Kc3 Rb8 55. Kd4 Kc6 (55...
h4 $2 56. Ke5 h3 57. Kf6 $11) 56. a7 Ra8 57. Ra3 Kb6 58. Rb3+ Kxa7 59. Ke5 Rb8
60. Ra3+ Kb6 61. Kf6 Rb7 $19) 53. Rb5 Re8 54. Kc3 Kc6 55. Rb7 (55. Kb4 h4 56.
Ka5 (56. Rb7 Rf8 57. Ka5 h3 58. Rb1 g5 $19) 56... h3 $19) 55... Ra8 $1 $19 (
55... Rf8 $4 56. Re7 $1 Kb6 57. a7 $11 {is an amazing escape!}) 56. Rxf7 Rxa6
57. Rf6+ (57. Kd4 Ra4+ 58. Ke5 (58. Ke3 Kd5 $19 (58... Rg4 $19)) 58... Rg4 $19
{and the king is on the wrong side of the board.}) 57... Kb5 58. Rf8 Rd6 59.
Re8 Kc6 60. Re7 Rf6 61. Kd4 Kd6 62. Re8 (62. Rg7 Rf4+ 63. Ke3 Rg4 64. Rf7 Ke6
65. Rf8 h4 66. Kf3 Rg3+ 67. Kf2 g5 68. Kf1 h3 $19 {Known roller-coaster
strategy!}) 62... Re6 0-1

[Event "SLO-chT 11th"]
[Site "Bled"]
[Date "2001.10.20"]
[Round "3"]
[White "Atalik, Suat"]
[Black "Cigan, Stefan"]
[Result "1-0"]
[WhiteElo "2527"]
[BlackElo "2349"]
[Annotator "Atalik,S"]
[PlyCount "87"]
[EventDate "2001.10.18"]
[EventType "team-tourn"]
[EventRounds "7"]
[EventCountry "SLO"]
[SourceTitle "EXT 2002"]
[Source "ChessBase"]
[SourceDate "2001.11.25"]
[SourceVersion "1"]
[SourceVersionDate "2001.11.25"]
[SourceQuality "1"]
[WhiteTeam "Ptuj"]
[BlackTeam "Radenska Pomgrad"]
[WhiteTeamCountry "SLO"]
[BlackTeamCountry "SLO"]

1. d4 Nf6 2. c4 e6 3. Nc3 Bb4 4. Qc2 c5 5. dxc5 Qc7 $5 6. Nf3 a6 $5 7. e3 {
Maybe not the most exact.} (7. g3 Bxc5 (7... Qxc5 8. a3 Bxc3+ 9. Qxc3 d5 10.
Bg5 Nbd7 11. Rc1 $14) 8. Bg2 Be7 9. b3 b5 $140 $6 10. Bf4 d6 11. cxb5 axb5 12.
Nd4 $16) 7... Bxc5 8. Bd2 {My trademark in such kind of positions.} Be7 9. Ne4
d5 $1 (9... b5 {is not as good as it seems.} 10. Nxf6+ Bxf6 (10... gxf6 $6 11.
Rc1 bxc4 12. Bxc4 Bb7 13. Qd1) 11. Bc3 bxc4 12. Bxf6 gxf6 13. Qxc4 Qxc4 14.
Bxc4 $14) 10. Nxf6+ Bxf6 11. O-O-O {This move does not deliver much.But what
else?} (11. Bc3 Nd7 12. Rc1 dxc4 13. Bxf6 Nxf6 14. Bxc4 O-O $11) 11... dxc4 12.
Bxc4 ({After the brave} 12. Bb4 b5 {white does not seem to have enough
compensation.}) 12... Nd7 13. Bd3 {A sad necessity.} Qxc2+ (13... Nc5 14. Kb1)
14. Bxc2 b6 15. e4 $1 (15. Be4 Ra7 {goes nowhere.}) 15... Bb7 16. Be3 $6 {
This is a positional oversight.} (16. Bf4 Rc8 17. Kb1 Be7 18. Rhe1 $14) (16.
Rhe1 Rc8 17. Kb1 Ne5 18. Nxe5 Bxe5 19. Be3 $14) 16... Rc8 17. Kb1 Ke7 18. Nd2
g5 $6 {Black tries to be too sophisticated.} ({After the natural} 18... Rc7 19.
f3 (19. f4 $6 Rhc8 20. Rc1 e5 21. f5 g6 $17) 19... Rhc8 20. Rc1 $11 {equality
comes.}) 19. f3 Rhg8 $6 {This at least helps white to bring some imbalace in
the game.} (19... h6 $142 20. Rc1 Rhd8 21. Rhd1 Be5 22. g3 $11) 20. e5 $1 {
Paradoxal exhange.We all know that a center pawn is more precious than a one
on the flank but in this particular position stronghold on e4 makes things go
in white's way.} Bxe5 21. Bxh7 Rh8 22. Be4 Bxe4+ 23. Nxe4 f6 24. h3 $14 {
After this both rooks have to guard the h line.} Nc5 $1 {A good decision.} 25.
Nxc5 bxc5 26. Rhe1 Bf4 {Interesting play by black.} 27. Kc2 ({After} 27. Bxf4
gxf4 {the organic weakness on g2 would bother white.}) 27... Rh4 $2 (27... Bxe3
28. Rxe3 Rh4 29. Rb3 Rb4 $11) 28. Bf2 Rhh8 29. Re4 c4 30. Be1 $1 {White once
again takes over the initiative.} Rc6 $8 31. Bb4+ Kf7 32. Rd7+ Kg6 33. Bc3 $5 (
{Also interesting is to go after the bishop.} 33. Re7 e5 34. Be1 $1 f5 35. Re2
Kf6 36. Rb7 Bh2 37. Bc3 Re8 38. Rd2 Re7 39. Rb8 $36) 33... Bg3 34. Rg4 Bb8 $1 (
{I was hoping for} 34... Bf4 $2 35. g3 Be3 36. h4 e5 37. Re4 $36) 35. Rb7 $2 {
A lapse.} (35. Rdd4 Rhc8 36. h4 e5 37. Rd5 $16 Rh8 38. hxg5 f5 39. Rg3 $16)
35... Bd6 36. Rd4 Kf5 37. Rd7 Bg3 38. Rd1 $1 {Still creating some difficulties
for black.} Rhc8 39. Rf7 e5 40. Rdd7 Bf2 41. Rde7 Bd4 $4 (41... Bg3 42. a4 $14
{is better for white though difficult to prove an immediate win.}) 42. Bd2 $1
$18 {Now it is a mate.} Rg8 43. g4+ Kg6 44. h4 $1 (44. h4 $1 gxh4 45. Rh7 $18 {
ends up in a mate.}) 1-0